Name the Disney Animated Movies in Order - Statistics

General Stats
  • This quiz has been taken 159 times
    70 since last reset
  • The average score is 33 of 64
Answer Stats
Year Movie % Correct
1937 Snow White and the Seven Dwarfs
100%
1940 Fantasia
89%
1940 Pinocchio
85%
1942 Bambi
70%
1941 Dumbo
70%
1950 Cinderella
67%
2013 Frozen
63%
1959 Sleeping Beauty
63%
1992 Aladdin
59%
1991 Beauty and the Beast
59%
2016 Moana
59%
1961 One Hundred and One Dalmatians
59%
1953 Peter Pan
59%
1973 Robin Hood
59%
2010 Tangled
59%
1989 The Little Mermaid
59%
2016 Zootopia
59%
1951 Alice in Wonderland
56%
1955 Lady and the Tramp
56%
1995 Pocahontas
56%
1970 The Aristocats
56%
1967 The Jungle Book
56%
1994 The Lion King
56%
2019 Frozen 2
52%
1999 Tarzan
52%
2009 The Princess and the Frog
52%
2005 Chicken Little
48%
2021 Encanto
48%
2002 Lilo & Stitch
48%
1998 Mulan
48%
1985 The Black Cauldron
48%
1981 The Fox and the Hound
48%
1996 The Hunchback of Notre Dame
48%
1977 The Rescuers
48%
1963 The Sword in the Stone
48%
2023 Wish
48%
2012 Wreck-It Ralph
48%
2025 Zootopia 2
48%
2008 Bolt
44%
1947 Fun and Fancy Free
44%
1997 Hercules
44%
2007 Meet the Robinsons
44%
2024 Moana 2
44%
1988 Oliver & Company
44%
2018 Ralph Breaks the Internet
44%
1942 Saludos Amigos
44%
1977 The Many Adventures of Winnie the Pooh
44%
1944 The Three Caballeros
44%
2002 Treasure Planet
44%
2001 Atlantis: The Lost Empire
41%
2014 Big Hero 6
41%
2003 Brother Bear
41%
2000 Dinosaur
41%
1999 Fantasia 2000
41%
1946 Make Mine Music
41%
2021 Raya and the Last Dragon
41%
2022 Strange World
41%
2004 Home on the Range
37%
1948 Melody Time
37%
1986 The Great Mouse Detective
37%
1990 The Rescuers Down Under
37%
1949 The Adventures of Ichabod and Mr. Toad
33%
2000 The Emperor's New Groove
33%
2011 Winnie the Pooh
33%
No matching quizzes found
Score Distribution
Percent of People with Each Score
Percentile by Number Answered
Your Score History
You have not taken this quiz since the last reset